000 00277nam a22001217a 4500
008 181020b xxu||||| |||| 00| 0 eng d
041 _aeng
080 _a781
100 _a45
101 _aMUZ
245 _aFolk Music and the American Left
_cDenisoff, R.S
942 _2udc
_cBK
999 _c50328
_d50328